Ρώσικες ιστορίες μυστηρίου

Αποθηκεύτηκε σε:
Λεπτομέρειες βιβλιογραφικής εγγραφής
Άλλοι συγγραφείς: Pogorelskii, Antonii 1787-1836, Αστερίου, Ελένη (trlf)
Μορφή: Βιβλίο
Γλώσσα:Greek
Russian
Δημοσίευση: Αθήνα : Κριτική, c1988.
Θέματα:
Ετικέτες: Προσθήκη ετικέτας
Δεν υπάρχουν, Καταχωρήστε ετικέτα πρώτοι!

MARC

LEADER 00000cam a2200000 i 4500
001 1/54638
008 941103s1988 gr | ||| |||| ||gre||
020 |a 9602180048 
035 |a 1994  |c ΒΙΒΛΙΟΘΗΚΗ  |l 10045054 
040 |a GR-MyUA  |b gre  |e AACR2 
041 1 |a gre  |h rus 
082 0 |a 891.73  |2 (22) 
245 1 0 |a Ρώσικες ιστορίες μυστηρίου /   |c Άντονι Πογκορέλσκι... [κ. ά.] ; μετάφραση Ελένη Αστερίου.  
260 |a Αθήνα :   |b Κριτική,   |c c1988.  
300 |a 283 σ. ;   |c 21 εκ.  
650 0 0 |a Russian fiction. 
650 0 0 |a Russian fiction  |y 19th century. 
700 1 |a Pogorelskii, Antonii  |d 1787-1836. 
700 1 |a Αστερίου, Ελένη,  |e trlf 
852 |a INST  |b SAMOS  |e 19941103  |h 891.73 ΡΩΣ  |p 005300006495  |q 005300006495  |t BK  |y 0 
852 |a INST  |b SYROS  |e 20120522  |h 891.73 ΡΩΣ  |p 005500010154  |q 005500010154  |t BK  |y 0 
901 |a BIBL5-2012-01 
909 |a Σ  |b 034733 
909 |a Ε  |b 170033 
970 |a ΤΣΟΥΚΑΛΑ  |b ΑΛΙΚΗ  |z 2012/05/20